00747 2200265 4500001002100000005001500021035002000036007000300056008004100059082001000100084001600110100001600126245010600142250001000248260004500258300002900303650001700332700002300349700002300372505003800395990001200433990001200445990001200457990001200469INLIS00000000001643220230705034548 a0010-0723000069ta230705 e 1 ind  a741.5 a741.5 SII h0 aSIIBA, Nana1 aHis (Fake) Tender Heart /cNana Shiiba; alih bahasa, Martina Rosmawati; penyunting, Seryan Wira Ganda acet.1 aJakarta :bGramedia Pustaka Utama,c2019 a192 hlm :bIlus ;c19 cm 4aKOMIK.BACAAN0 aMARTINA, Rosmawati0 aSERYAN, Wira Ganda ajudul asli: Yasashii Otoko (Kari) a11186 a a11186 b a11186 c a11186 d